000 00583nam a22002057a 4500
003 OSt
005 20240624012319.0
008 240624b |||||||| |||| 00| 0 eng d
020 _a978125925501
040 _aDWC- Main Lib
_cOC
082 _aCirc. 302.20 M996s 2017
100 _aMyers, David G.
245 _aSocial psychology /
_cDavid G. Myers.
250 _aTwelfth education
260 _aNY:
_bMcgraw Hill Education,
_cc2017.
300 _axiv, 528 pages :
_billustrations ;
_c28cm.
504 _aIncludes index.
650 _a1. Social groups.
942 _2ddc
_cBK-CIRC
_n1
999 _c1173
_d1173